| 000 | 00444nam a2200181Ia 4500 | ||
|---|---|---|---|
| 001 | 18841 | ||
| 005 | 20260306171700.0 | ||
| 008 | 260306s9999||||xx |||||||||||||| ||und|| | ||
| 041 | _aESP | ||
| 082 |
_a658.15 _bR84 1997 |
||
| 100 |
_aRoss, Stephen A. _eAUT |
||
| 245 | 0 | _aFinanzas Corporativas | |
| 260 | _c1997 | ||
| 300 |
_axxviii, 984 páginas :, A21, G20, I11 _c23 cm. |
||
| 650 | _aGEN | ||
| 654 | _aCAN | ||
| 942 |
_cLIB _dJUS _fJUS _2ddc _n |
||
| 999 |
_c18841 _d18841 |
||